000
00302nam a22001337a 4500
003
SGT
082
_a
344.460954,KAR
100
_a
KARKARA,G.S
245
_a
ENVIRONMENTAL LAW
260
_a
ALLAHABAD
_b
CENTRAL LAW HOUSE
_c
1999
300
_a
240
653
_a
ENVIRONMENTAL LA IN INDIA
942
_2
ddc
_c
BK
_0
2
999
_c
9679
_d
9679